000 01124nam0a2200325 4500
001 RU\NLR\BIBL_A\022468391
005 20250414160229.0
010 _a978-5-04-203581-4
_93000
021 _aRU
_bКН-П-24-084889
_9КН-П-24-8434
035 _a(NLR Aleph) 022468391
090 _a13368337
_c13368337
100 _a20250224d2025 u y0rusy50 ca
101 0 _arus
102 _aRU
105 _ao z 000ay
181 0 _ai
_baxxe
182 0 _an
200 1 _aНити дочерей ночи
_fЕвгения Санакоева
_gиллюстрации Е. Лукомской
203 _aТекст
_bвизуальный
_cнепосредственный
210 _aМосква
_cЭксмо, Like book
_d2025 (печ. 2024)
215 _a316, [2] с.
_d22
225 1 _aYoung Adult
_iХиты молодежного фэнтези
686 2 _aШ6(2=Р)8-445
700 1 _aСанакоева
_bЕ.
_gЕвгения
701 1 _aЛукомская
_bЕ.
_gЕвгения
_4440
942 _cBOOK
980 _aNB